[Event "Maisonneuve mem."]
[Site "Gatineau CAN"]
[Date "2008.11.04"]
[Round "3"]
[White "Berthiaume, Patrick"]
[Black "Levesque, Andre"]
[Result "1-0"]
[WhiteElo "1206"]
[BlackElo "1271"]
[PlyCount "67"]
[GameId "2160767910302889"]
[EventDate "2008.10.21"]
[EventType "swiss"]
[EventRounds "5"]
[EventCountry "CAN"]
[SourceTitle "EXT 2011"]
[Source "ChessBase"]
[SourceDate "2011.11.26"]
[SourceVersion "1"]
[SourceVersionDate "2011.11.26"]
[SourceQuality "1"]

1. e4 c5 2. c3 d5 3. exd5 Qxd5 4. d4 Nc6 5. Nf3 Bg4 6. Be2 cxd4 7. cxd4 g6 8. Nc3 Qa5 9. d5 Rd8 10. Bd2 Bxf3 11. Bxf3 Ne5 12. O-O Nxf3+ 13. Qxf3 Bg7 14. Rfd1 a6 15. Bf4 Nh6 16. d6 Nf5 17. d7+ Rxd7 18. Rxd7 Kxd7 19. Qxb7+ Ke8 20. Qc6+ Kd8 21. Rd1+ Nd4 22. Qa8+ Kd7 23. Qa7+ Kc6 24. Qxe7 Nf5 25. Qe4+ Kc5 26. Rd5+ Kb6 27. Rxa5 Bxc3 28. Be3+ Kc7 29. Qc4+ Kd7 30. Rd5+ Ke6 31. Qc6+ Ke7 32. Rd7+ Kf8 33. Qc8+ Kg7 34. Qxc3+ 1-0

[Event "Maisonneuve mem."]
[Site "Gatineau CAN"]
[Date "2008.11.04"]
[Round "3"]
[White "Brousseau, Yvan"]
[Black "Laurin, Jacques"]
[Result "0-1"]
[WhiteElo "2002"]
[BlackElo "1834"]
[PlyCount "128"]
[GameId "2160767910302891"]
[EventDate "2008.10.21"]
[EventType "swiss"]
[EventRounds "5"]
[EventCountry "CAN"]
[SourceTitle "EXT 2011"]
[Source "ChessBase"]
[SourceDate "2011.11.26"]
[SourceVersion "1"]
[SourceVersionDate "2011.11.26"]
[SourceQuality "1"]

1. f4 Nf6 2. Nf3 e6 3. e3 c5 4. d4 cxd4 5. exd4 b6 6. Bd3 Bb7 7. Qe2 Nc6 8. c3 Qc7 9. Ne5 Nxd4 10. Qf2 Nc6 11. Nf3 Bc5 12. Qe2 Ne7 13. f5 O-O 14. fxe6 dxe6 15. Bg5 Bxf3 16. gxf3 Ned5 17. Bxf6 Nxf6 18. Nd2 Qf4 19. O-O-O Rfd8 20. Kb1 Nd5 21. Nb3 Rac8 22. h3 Be3 23. Ka1 Qe5 24. Rhe1 Nxc3 25. bxc3 Qxc3+ 26. Kb1 Bg5 27. Ba6 Rxd1+ 28. Rxd1 Rf8 29. Rd7 Bf6 30. Rd3 Qb4 31. Rd2 Qh4 32. Qf1 Qf4 33. Rd7 Qh2 34. Rd2 Qe5 35. f4 Qe4+ 36. Bd3 Qb4 37. Qf3 g6 38. Qe4 Qa3 39. Bc4 Kg7 40. Qe2 Rc8 41. Ba6 Rc7 42. Bb5 a5 43. Qe4 Rc3 44. Qa4 Qxa4 45. Bxa4 Rxh3 46. Bc6 Rc3 47. Rc2 Rg3 48. Rc4 Bc3 49. Kc2 Bb4 50. Kb2 h5 51. a3 Bd6 52. Nd2 Bxa3+ 53. Kc2 Be7 54. Ne4 Rf3 55. Nc3 Rf2+ 56. Kd3 Bb4 57. Na4 Bc5 58. Nxc5 bxc5 59. Ke3 Ra2 60. Rxc5 a4 61. Rc4 a3 62. Rc3 Ra1 63. Rc2 a2 64. Re2 Rc1 0-1

[Event "Maisonneuve mem."]
[Site "Gatineau CAN"]
[Date "2008.11.04"]
[Round "3"]
[White "Carriere, Stephen"]
[Black "Sabourin, Yves"]
[Result "1/2-1/2"]
[WhiteElo "1301"]
[BlackElo "1255"]
[PlyCount "127"]
[GameId "2160767910302892"]
[EventDate "2008.10.21"]
[EventType "swiss"]
[EventRounds "5"]
[EventCountry "CAN"]
[SourceTitle "EXT 2011"]
[Source "ChessBase"]
[SourceDate "2011.11.26"]
[SourceVersion "1"]
[SourceVersionDate "2011.11.26"]
[SourceQuality "1"]

1. d4 Nf6 2. c4 c5 3. d5 d6 4. Nc3 e6 5. e4 Be7 6. Bd3 O-O 7. Nf3 Na6 8. a3 Nc7 9. O-O Bd7 10. e5 Nfe8 11. Qc2 Kh8 12. exd6 Bxd6 13. Ne4 f5 14. Nxd6 Nxd6 15. Bg5 Qe8 16. Bf4 Qe7 17. dxe6 Bxe6 18. Rfe1 Rf6 19. Ng5 Raf8 20. Be5 Rg6 21. Nxe6 Rxe6 22. Bxd6 Rxe1+ 23. Rxe1 Qxe1+ 24. Bf1 Rd8 25. Qxf5 Ne6 26. Qe5 Qxe5 27. Bxe5 Rd1 28. g3 Nd4 29. Bd6 Nf3+ 30. Kg2 Rxd6 31. Kxf3 Rd4 32. Ke3 Kg8 33. Bg2 b6 34. b4 Kf8 35. bxc5 bxc5 36. Bd5 Ke7 37. f3 Kd6 38. f4 Kc7 39. g4 Kb6 40. g5 Ka5 41. Bg8 Ka4 42. Bxh7 Rxc4 43. Bd3 Rc3 44. Ke4 c4 45. Bf1 Kb3 46. f5 Rc1 47. Be2 c3 48. f6 Rg1 49. f7 c2 50. f8=Q c1=Q 51. Qb4+ Ka2 52. Bc4+ Ka1 53. Qb3 Qb1+ 54. Qxb1+ Kxb1 55. Kf5 Rh1 56. Kg6 Rxh2 57. Kxg7 Rh4 58. Bf7 Kb2 59. a4 Rxa4 60. g6 a5 61. Kf8 Rg4 62. g7 a4 63. g8=Q Rxg8+ 64. Kxg8 1/2-1/2

[Event "Maisonneuve mem."]
[Site "Gatineau CAN"]
[Date "2008.11.04"]
[Round "3"]
[White "Desjardins, Michel"]
[Black "Danilov, Alex"]
[Result "1/2-1/2"]
[WhiteElo "1978"]
[BlackElo "1883"]
[PlyCount "144"]
[GameId "2160767910302893"]
[EventDate "2008.10.21"]
[EventType "swiss"]
[EventRounds "5"]
[EventCountry "CAN"]
[SourceTitle "EXT 2011"]
[Source "ChessBase"]
[SourceDate "2011.11.26"]
[SourceVersion "1"]
[SourceVersionDate "2011.11.26"]
[SourceQuality "1"]

1. e4 c5 2. Nc3 e6 3. g3 d5 4. exd5 exd5 5. d4 cxd4 6. Qxd4 Nf6 7. Bg5 Be7 8. O-O-O O-O 9. Nxd5 Nxd5 10. Bxe7 Qxe7 11. Qxd5 Be6 12. Qe4 Nd7 13. Bh3 f5 14. Qe3 Qf7 15. a3 Rac8 16. Bg2 Nb6 17. Qf4 Rc7 18. Nh3 Rd7 19. Qe3 Nc4 20. Qe2 Qf6 21. c3 Nxa3 22. Rxd7 Bxd7 23. Bd5+ Kh8 24. Re1 Rc8 25. Qe5 Qxe5 26. Rxe5 Nc4 27. Re7 Nb6 28. Bxb7 Rd8 29. Ng5 Be8 30. Nf7+ Bxf7 31. Rxf7 g6 32. Ba6 Rd7 33. Rxd7 Nxd7 34. Kd2 Kg7 35. Ke3 Kf6 36. f4 Ke7 37. Be2 Kd6 38. Kd4 Nf6 39. Bf3 h6 40. b4 Ne8 41. c4 Nc7 42. c5+ Ke6 43. Bc6 a6 44. Kc4 g5 45. fxg5 hxg5 46. Kd4 Kf6 47. h4 gxh4 48. gxh4 Ne6+ 49. Ke3 f4+ 50. Kd3 Ke5 51. Bb7 Nc7 52. Ke2 Kf5 53. Bc8+ Ke5 54. h5 Nd5 55. Bxa6 Nxb4 56. Bb7 Nc2 57. h6 Nd4+ 58. Kf2 Kf6 59. Be4 Kf7 60. Kf1 Kg8 61. Kf2 Kf7 62. Kg2 Kf6 63. Kh3 Ne6 64. h7 Kg7 65. c6 Ng5+ 66. Kg4 Nxe4 67. Kxf4 Nd6 68. Ke5 Nb5 69. Kd5 Kxh7 70. Kc5 Nc7 71. Kb6 Nd5+ 72. Kb7 Kg7 1/2-1/2

[Event "Maisonneuve mem."]
[Site "Gatineau CAN"]
[Date "2008.11.04"]
[Round "3"]
[White "Guimond, Michel"]
[Black "Menard, Marc"]
[Result "1-0"]
[WhiteElo "1847"]
[BlackElo "1576"]
[PlyCount "29"]
[GameId "2160767910302894"]
[EventDate "2008.10.21"]
[EventType "swiss"]
[EventRounds "5"]
[EventCountry "CAN"]
[SourceTitle "EXT 2011"]
[Source "ChessBase"]
[SourceDate "2011.11.26"]
[SourceVersion "1"]
[SourceVersionDate "2011.11.26"]
[SourceQuality "1"]

1. e4 e5 2. Nf3 Nc6 3. Bb5 a6 4. Ba4 Nf6 5. O-O b5 6. Bb3 Bc5 7. Nxe5 Bxf2+ 8. Rxf2 Nxe5 9. d4 Neg4 10. Bxf7+ Kxf7 11. Qxg4 d6 12. Qf3 Bb7 13. Bg5 Rf8 14. Bxf6 Qxf6 15. Qb3+ 1-0

[Event "Maisonneuve mem."]
[Site "Gatineau CAN"]
[Date "2008.11.04"]
[Round "3"]
[White "Labelle, Raymond"]
[Black "Arsenault, Yves"]
[Result "1-0"]
[WhiteElo "1292"]
[BlackElo "1479"]
[PlyCount "106"]
[GameId "2160767910302895"]
[EventDate "2008.10.21"]
[EventType "swiss"]
[EventRounds "5"]
[EventCountry "CAN"]
[SourceTitle "EXT 2011"]
[Source "ChessBase"]
[SourceDate "2011.11.26"]
[SourceVersion "1"]
[SourceVersionDate "2011.11.26"]
[SourceQuality "1"]

1. e4 c5 2. Nf3 Nc6 3. d4 cxd4 4. Nxd4 Nf6 5. Nxc6 bxc6 6. Bd3 e5 7. Be3 Bb4+ 8. c3 Ba5 9. O-O O-O 10. Qf3 h6 11. Be2 d6 12. Nd2 Ng4 13. Nc4 Nxe3 14. Nxe3 Bb7 15. Ng4 Qg5 16. Rad1 Rad8 17. Rd3 Bb6 18. Rd2 Bc8 19. Rfd1 Bc7 20. Rd3 f5 21. Ne3 f4 22. Nc4 Rf6 23. b4 g6 24. a4 h5 25. h3 a6 26. Bf1 Be6 27. Nxd6 Bb3 28. R1d2 Bxd6 29. a5 Bc4 30. Rxd6 Rfxd6 31. Bxc4+ Kg7 32. Rxd6 Rxd6 33. Bxa6 Qd8 34. Be2 Rd2 35. a6 Qb6 36. Kf1 Ra2 37. g3 Ra1+ 38. Kg2 fxg3 39. Qxg3 Kf6 40. Qh4+ Ke6 41. Bc4+ Kd7 42. Qf6 Rxa6 43. Bxa6 Qxa6 44. Qxe5 Qc4 45. Qd4+ Qxd4 46. cxd4 g5 47. Kg3 Ke6 48. f4 Kf6 49. fxg5+ Kxg5 50. h4+ Kf6 51. Kf4 Kg6 52. d5 cxd5 53. exd5 Kf6 1-0

[Event "Maisonneuve mem."]
[Site "Gatineau CAN"]
[Date "2008.11.04"]
[Round "3"]
[White "Lacourse, Guy"]
[Black "Groleau, Gilles"]
[Result "0-1"]
[WhiteElo "1569"]
[BlackElo "1993"]
[PlyCount "70"]
[GameId "2160767910302896"]
[EventDate "2008.10.21"]
[EventType "swiss"]
[EventRounds "5"]
[EventCountry "CAN"]
[SourceTitle "EXT 2011"]
[Source "ChessBase"]
[SourceDate "2011.11.26"]
[SourceVersion "1"]
[SourceVersionDate "2011.11.26"]
[SourceQuality "1"]

1. d4 Nf6 2. Nf3 e6 3. c4 b6 4. g3 Bb7 5. Bg2 Be7 6. Nc3 O-O 7. O-O Ne4 8. Qc2 Nxc3 9. Qxc3 f5 10. Ne1 Bxg2 11. Kxg2 Bf6 12. f4 c5 13. e3 Nc6 14. Nf3 d6 15. Rb1 Rc8 16. Rd1 g6 17. Qe1 Qe7 18. b3 e5 19. fxe5 dxe5 20. d5 Nb4 21. Qd2 e4 22. Ne1 Qd6 23. a3 Na6 24. Bb2 Nb8 25. Bxf6 Rxf6 26. Kh1 Nd7 27. Ng2 g5 28. Qe2 Ne5 29. Rb2 Rcf8 30. Rf1 Rh6 31. h4 Nd3 32. Rd2 Qxg3 33. Rxd3 exd3 34. Qxd3 f4 35. Qe4 f3 0-1

[Event "Maisonneuve mem."]
[Site "Gatineau CAN"]
[Date "2008.11.04"]
[Round "3"]
[White "MacIsaac, Alexandre"]
[Black "Blouin, Francois"]
[Result "0-1"]
[WhiteElo "1370"]
[BlackElo "1617"]
[PlyCount "52"]
[GameId "2160767910302897"]
[EventDate "2008.10.21"]
[EventType "swiss"]
[EventRounds "5"]
[EventCountry "CAN"]
[SourceTitle "EXT 2011"]
[Source "ChessBase"]
[SourceDate "2011.11.26"]
[SourceVersion "1"]
[SourceVersionDate "2011.11.26"]
[SourceQuality "1"]

1. Nf3 Nf6 2. g3 g6 3. d4 e6 4. Bg2 Bg7 5. Bg5 h6 6. Bf4 d6 7. Qd2 Nd5 8. e4 Nxf4 9. Qxf4 Nc6 10. c3 e5 11. Qd2 O-O 12. d5 Ne7 13. Na3 Bd7 14. O-O-O b5 15. Rde1 a5 16. Bf1 Qb8 17. g4 b4 18. Nc2 bxc3 19. Qxc3 c6 20. dxc6 Bxc6 21. Nd2 Rc8 22. Qa3 Qc7 23. Qc3 d5 24. Bd3 Qb7 25. exd5 Bxd5 26. Qa3 Bxh1 0-1

[Event "Maisonneuve mem."]
[Site "Gatineau CAN"]
[Date "2008.11.04"]
[Round "3"]
[White "Rainey, Ivan"]
[Black "Jiang, Qizhe"]
[Result "1-0"]
[WhiteElo "1475"]
[BlackElo "993"]
[PlyCount "51"]
[GameId "2160767910302898"]
[EventDate "2008.10.21"]
[EventType "swiss"]
[EventRounds "5"]
[EventCountry "CAN"]
[SourceTitle "EXT 2011"]
[Source "ChessBase"]
[SourceDate "2011.11.26"]
[SourceVersion "1"]
[SourceVersionDate "2011.11.26"]
[SourceQuality "1"]

1. d4 d5 2. c4 dxc4 3. e3 Be6 4. Nc3 Nf6 5. Nge2 Bf5 6. Nf4 e6 7. Bxc4 a6 8. O-O Bd6 9. Nfe2 O-O 10. f3 h6 11. e4 b5 12. Bb3 Ng4 13. fxg4 Bxg4 14. e5 Be7 15. Qd3 Bxe2 16. Qxe2 Bg5 17. Rf3 Bxc1 18. Rxc1 Qxd4+ 19. Kh1 Qd7 20. Rg3 Kh8 21. Bc2 Rg8 22. Qe4 g6 23. Rh3 Kh7 24. Qh4 h5 25. Qxh5+ Kg7 26. Qh6# 1-0

[Event "Maisonneuve mem."]
[Site "Gatineau CAN"]
[Date "2008.11.04"]
[Round "3"]
[White "Thibault, David"]
[Black "Arsenault, Michel"]
[Result "0-1"]
[WhiteElo "1680"]
[BlackElo "1989"]
[PlyCount "88"]
[GameId "2160767910302899"]
[EventDate "2008.10.21"]
[EventType "swiss"]
[EventRounds "5"]
[EventCountry "CAN"]
[SourceTitle "EXT 2011"]
[Source "ChessBase"]
[SourceDate "2011.11.26"]
[SourceVersion "1"]
[SourceVersionDate "2011.11.26"]
[SourceQuality "1"]

1. e4 c5 2. Nf3 e6 3. Nc3 Nc6 4. Bc4 Nf6 5. d3 d6 6. Ne2 Be7 7. c3 O-O 8. Bb3 b5 9. O-O b4 10. Ng3 bxc3 11. bxc3 Qa5 12. Bd2 Ba6 13. Bc2 Ng4 14. h3 Nge5 15. Nxe5 Nxe5 16. c4 Qd8 17. Bc3 g6 18. f4 Nc6 19. e5 f5 20. Re1 dxe5 21. Ba4 Nd4 22. Ne2 Bh4 23. Rf1 e4 24. Nxd4 cxd4 25. Bb4 Bb7 26. Bxf8 Kxf8 27. Kh2 Bf6 28. g3 e3 29. Rb1 Rb8 30. Qe2 e5 31. Qb2 Qc7 32. fxe5 Bxe5 33. Rg1 f4 34. Rbf1 Kg7 35. Rxf4 Bc6 36. Bb3 a5 37. Rff1 a4 38. Qc2 axb3 39. axb3 Qb7 40. Rb1 Qb4 41. Rgf1 Qd6 42. Rg1 Rf8 43. Rbf1 Bxg3+ 44. Rxg3 Rxf1 0-1

[Event "Maisonneuve mem."]
[Site "Gatineau CAN"]
[Date "2008.11.04"]
[Round "3"]
[White "Thibault, Mario"]
[Black "Jani, Louis"]
[Result "1-0"]
[WhiteElo "1633"]
[BlackElo "1433"]
[PlyCount "71"]
[GameId "2160767910302900"]
[EventDate "2008.10.21"]
[EventType "swiss"]
[EventRounds "5"]
[EventCountry "CAN"]
[SourceTitle "EXT 2011"]
[Source "ChessBase"]
[SourceDate "2011.11.26"]
[SourceVersion "1"]
[SourceVersionDate "2011.11.26"]
[SourceQuality "1"]

1. Nf3 c5 2. b3 Nf6 3. e3 g6 4. Bb2 Bg7 5. c4 e6 6. Be2 O-O 7. O-O d5 8. Qc2 b6 9. d3 Bb7 10. Nbd2 Re8 11. Ne5 Nc6 12. Ndf3 Qd6 13. Nxc6 Bxc6 14. Be5 Qe7 15. Qb2 h6 16. a3 Kh7 17. b4 Nh5 18. Bxg7 Nxg7 19. Ne5 Qc7 20. Ng4 Nh5 21. Ne5 Ng7 22. Nxc6 Qxc6 23. Qf6 Qd7 24. cxd5 exd5 25. Bf3 Rad8 26. bxc5 bxc5 27. Rfc1 Re6 28. Qc3 d4 29. exd4 cxd4 30. Qc4 Rd6 31. Rab1 Rb6 32. Rxb6 axb6 33. a4 Qd6 34. Qxf7 Qa3 35. Qc4 Ra8 36. Bxa8 1-0

[Event "Maisonneuve mem."]
[Site "Gatineau CAN"]
[Date "2008.11.11"]
[Round "4"]
[White "Arsenault, Michel"]
[Black "Guimond, Michel"]
[Result "1-0"]
[WhiteElo "1989"]
[BlackElo "1847"]
[PlyCount "79"]
[GameId "2160767910302901"]
[EventDate "2008.10.21"]
[EventType "swiss"]
[EventRounds "5"]
[EventCountry "CAN"]
[SourceTitle "EXT 2011"]
[Source "ChessBase"]
[SourceDate "2011.11.26"]
[SourceVersion "1"]
[SourceVersionDate "2011.11.26"]
[SourceQuality "1"]

1. c4 e5 2. g3 d6 3. Bg2 f5 4. Nc3 Nf6 5. e3 Nc6 6. Nge2 e4 7. d3 exd3 8. Qxd3 Ne5 9. Qc2 c6 10. b3 g6 11. Bb2 Be6 12. Nf4 Bf7 13. h4 Qa5 14. O-O Bg7 15. Rad1 O-O-O 16. a3 Qc7 17. Rd2 h6 18. h5 Kb8 19. hxg6 Nxg6 20. Qxf5 Nxf4 21. exf4 Be8 22. c5 d5 23. Nb5 Bd7 24. Qc2 cxb5 25. Be5 Bc6 26. Re1 Ne4 27. Bxc7+ Kxc7 28. Bxe4 dxe4 29. Red1 Rde8 30. Rd6 e3 31. Qd3 e2 32. Re1 b4 33. a4 Be4 34. Rd7+ Kb8 35. Qd6+ Ka8 36. Rxe2 a6 37. Rxg7 Rd8 38. Rd7 Rde8 39. Qd4 Bc6 40. Rxe8+ 1-0

[Event "Maisonneuve mem."]
[Site "Gatineau CAN"]
[Date "2008.11.11"]
[Round "4"]
[White "Arsenault, Yves"]
[Black "Sunatori, Evelyne"]
[Result "1-0"]
[WhiteElo "1479"]
[BlackElo "1132"]
[PlyCount "51"]
[GameId "2160767910302902"]
[EventDate "2008.10.21"]
[EventType "swiss"]
[EventRounds "5"]
[EventCountry "CAN"]
[SourceTitle "EXT 2011"]
[Source "ChessBase"]
[SourceDate "2011.11.26"]
[SourceVersion "1"]
[SourceVersionDate "2011.11.26"]
[SourceQuality "1"]

1. e4 e5 2. Nf3 Nc6 3. Bc4 Bc5 4. d3 Nf6 5. Bg5 Be7 6. Nbd2 Ng4 7. Bxe7 Qxe7 8. h3 Nf6 9. O-O O-O 10. Re1 d6 11. c3 Be6 12. Bb5 a6 13. Ba4 Rae8 14. d4 d5 15. dxe5 Nxe4 16. Nxe4 dxe4 17. Rxe4 Rd8 18. Qe2 f5 19. exf6 Rxf6 20. Ng5 Rd6 21. Re1 Nd8 22. Bb3 Qd7 23. Nxe6 Nxe6 24. Bxe6+ Rfxe6 25. Rxe6 Qf7 26. Re8+ 1-0

[Event "Maisonneuve mem."]
[Site "Gatineau CAN"]
[Date "2008.11.11"]
[Round "4"]
[White "Blouin, Francois"]
[Black "Brousseau, Yvan"]
[Result "0-1"]
[WhiteElo "1619"]
[BlackElo "2002"]
[PlyCount "88"]
[GameId "2160767910302903"]
[EventDate "2008.10.21"]
[EventType "swiss"]
[EventRounds "5"]
[EventCountry "CAN"]
[SourceTitle "EXT 2011"]
[Source "ChessBase"]
[SourceDate "2011.11.26"]
[SourceVersion "1"]
[SourceVersionDate "2011.11.26"]
[SourceQuality "1"]

1. e4 Nc6 2. Nc3 e5 3. Bb5 a6 4. Ba4 Nf6 5. Nf3 d6 6. h3 b5 7. Bb3 b4 8. Ng5 bxc3 9. Nxf7 Qe7 10. Nxh8 cxb2 11. Bxb2 Be6 12. Qe2 Nd4 13. Bxd4 exd4 14. d3 g6 15. O-O Bg7 16. Nxg6 hxg6 17. f4 Bd7 18. Qf3 Bc6 19. Rab1 Kd8 20. Rb2 a5 21. Rfb1 Nd7 22. Qg4 Qf6 23. Be6 Nb6 24. f5 Ke7 25. Qg3 Na4 26. Rb3 Nc3 27. Re1 Nxa2 28. Bd5 Ra6 29. fxg6 Nc3 30. Bc4 Ra8 31. Kh1 a4 32. Ra3 Rb8 33. Qg4 Bd7 34. Qg3 Rb2 35. Bf7 Rxc2 36. h4 Ne2 37. Rxe2 Rxe2 38. Qg5 Qxg5 39. hxg5 Rc2 40. Ra1 Rc5 41. Rb1 Rxg5 42. Rb7 Rc5 43. Ra7 Be5 44. Kg1 Bg3 0-1

[Event "Maisonneuve mem."]
[Site "Gatineau CAN"]
[Date "2008.11.11"]
[Round "4"]
[White "Briere, Gilles"]
[Black "Lacourse, Guy"]
[Result "0-1"]
[WhiteElo "1298"]
[BlackElo "1569"]
[PlyCount "62"]
[GameId "2160767910302904"]
[EventDate "2008.10.21"]
[EventType "swiss"]
[EventRounds "5"]
[EventCountry "CAN"]
[SourceTitle "EXT 2011"]
[Source "ChessBase"]
[SourceDate "2011.11.26"]
[SourceVersion "1"]
[SourceVersionDate "2011.11.26"]
[SourceQuality "1"]

1. e4 c5 2. Bc4 e6 3. Nc3 Nc6 4. Nf3 a6 5. a4 d6 6. d3 Be7 7. O-O Nf6 8. Bd2 O-O 9. Ne2 d5 10. exd5 exd5 11. Bb3 Bg4 12. Nf4 Nd4 13. c3 Nxf3+ 14. gxf3 Bf5 15. Bc2 d4 16. cxd4 cxd4 17. b3 Bd6 18. Ng2 Nd5 19. Qc1 Bh3 20. Kh1 Qf6 21. Bd1 Bxg2+ 22. Kxg2 Bf4 23. Rg1 Rac8 24. Qb2 Qh4 25. Rh1 Qg5+ 26. Kf1 Bxd2 27. Qxd4 Rfe8 28. Be2 Bc3 29. Qg4 Qxg4 30. fxg4 Bxa1 31. Bf3 Nf4 0-1

[Event "Maisonneuve mem."]
[Site "Gatineau CAN"]
[Date "2008.11.11"]
[Round "4"]
[White "Danilov, Alex"]
[Black "Duret, Serge"]
[Result "1-0"]
[WhiteElo "1883"]
[BlackElo "991"]
[PlyCount "41"]
[GameId "2160767910302906"]
[EventDate "2008.10.21"]
[EventType "swiss"]
[EventRounds "5"]
[EventCountry "CAN"]
[SourceTitle "EXT 2011"]
[Source "ChessBase"]
[SourceDate "2011.11.26"]
[SourceVersion "1"]
[SourceVersionDate "2011.11.26"]
[SourceQuality "1"]

1. e4 c5 2. Nc3 d6 3. f4 g6 4. Nf3 Bg4 5. Bc4 Bg7 6. Bxf7+ Kxf7 7. Ng5+ Ke8 8. Qxg4 Nf6 9. Qh3 Qd7 10. Ne6 Bf8 11. Nb5 Na6 12. f5 Qxb5 13. fxg6 Qd7 14. g7 Bxg7 15. Nxg7+ Kf7 16. Nf5 h5 17. O-O e6 18. Nh4 Rag8 19. d3 Ke7 20. Qf3 Rh6 21. Bxh6 1-0

[Event "Maisonneuve mem."]
[Site "Gatineau CAN"]
[Date "2008.11.11"]
[Round "4"]
[White "Jani, Louis"]
[Black "Berthiaume, Patrick"]
[Result "1/2-1/2"]
[WhiteElo "1433"]
[BlackElo "1206"]
[PlyCount "80"]
[GameId "2160767910302907"]
[EventDate "2008.10.21"]
[EventType "swiss"]
[EventRounds "5"]
[EventCountry "CAN"]
[SourceTitle "EXT 2011"]
[Source "ChessBase"]
[SourceDate "2011.11.26"]
[SourceVersion "1"]
[SourceVersionDate "2011.11.26"]
[SourceQuality "1"]

1. e4 e6 2. d4 d5 3. exd5 exd5 4. c4 c6 5. Nf3 Nf6 6. Bd3 Bb4+ 7. Nc3 O-O 8. O-O Re8 9. Bg5 Nbd7 10. Qb3 Bxc3 11. bxc3 h6 12. Bxf6 Nxf6 13. Ne5 Qb6 14. Qxb6 axb6 15. a4 Be6 16. cxd5 Nxd5 17. Ra3 b5 18. Rb1 Reb8 19. a5 f6 20. Nf3 Nb6 21. Nd2 Na4 22. c4 bxc4 23. Bxc4 Bxc4 24. Nxc4 b5 25. axb6 c5 26. Rba1 Nxb6 27. Rxa8 Rxa8 28. Rxa8+ Nxa8 29. dxc5 Kf7 30. Na5 Ke6 31. Kf1 Kd5 32. c6 Kc5 33. Ke2 Kb5 34. Nb3 Kxc6 35. Ke3 g6 36. f4 Nc7 37. Nd4+ Kd5 38. g4 Ne6 39. Nxe6 Kxe6 40. Kf3 f5 1/2-1/2

[Event "Maisonneuve mem."]
[Site "Gatineau CAN"]
[Date "2008.11.11"]
[Round "4"]
[White "Jiang, Qizhe"]
[Black "Berthiaume, Serge"]
[Result "0-1"]
[WhiteElo "993"]
[BlackElo "1249"]
[PlyCount "46"]
[GameId "2160767910302908"]
[EventDate "2008.10.21"]
[EventType "swiss"]
[EventRounds "5"]
[EventCountry "CAN"]
[SourceTitle "EXT 2011"]
[Source "ChessBase"]
[SourceDate "2011.11.26"]
[SourceVersion "1"]
[SourceVersionDate "2011.11.26"]
[SourceQuality "1"]

1. e4 e5 2. Nf3 Nc6 3. d3 Bc5 4. Nc3 d6 5. h3 f5 6. a3 a5 7. Bd2 fxe4 8. dxe4 Nf6 9. Bc4 Qe7 10. Qe2 Be6 11. Ng5 Nd4 12. Bb5+ c6 13. Bxc6+ bxc6 14. Qd1 O-O 15. O-O Bc4 16. Re1 a4 17. Nf3 Nxf3+ 18. Qxf3 Nd5 19. Nxd5 cxd5 20. Qd1 Bxf2+ 21. Kh1 Bxe1 22. Qxe1 dxe4 23. Qxe4 Qe6 0-1

[Event "Maisonneuve mem."]
[Site "Gatineau CAN"]
[Date "2008.11.11"]
[Round "4"]
[White "Labelle, Raymond"]
[Black "Beriault, Silvain"]
[Result "0-1"]
[WhiteElo "1292"]
[BlackElo "1650"]
[PlyCount "60"]
[GameId "2160767910302909"]
[EventDate "2008.10.21"]
[EventType "swiss"]
[EventRounds "5"]
[EventCountry "CAN"]
[SourceTitle "EXT 2011"]
[Source "ChessBase"]
[SourceDate "2011.11.26"]
[SourceVersion "1"]
[SourceVersionDate "2011.11.26"]
[SourceQuality "1"]

1. e4 c5 2. Nf3 e6 3. d4 cxd4 4. Nxd4 Be7 5. Qg4 Bf6 6. Be3 Nc6 7. Nxc6 dxc6 8. c3 e5 9. Qg3 Be6 10. Nd2 Ne7 11. Bc4 Qc8 12. O-O Ng6 13. Rad1 O-O 14. Bxe6 Qxe6 15. b3 Bh4 16. Qf3 b5 17. Qe2 a6 18. Nf3 Be7 19. Ng5 Bxg5 20. Bxg5 f6 21. Be3 Rfd8 22. Bb6 Nf4 23. Qf3 Rd7 24. Rxd7 Qxd7 25. Rd1 Qe7 26. Rd2 Rb8 27. Ba5 Qa3 28. Bb4 Qc1+ 29. Rd1 Qc2 30. g3 Ne2+ 0-1

[Event "Maisonneuve mem."]
[Site "Gatineau CAN"]
[Date "2008.11.11"]
[Round "4"]
[White "Laurin, Jacques"]
[Black "Groleau, Gilles"]
[Result "1-0"]
[WhiteElo "1834"]
[BlackElo "1993"]
[PlyCount "109"]
[GameId "2160767910302910"]
[EventDate "2008.10.21"]
[EventType "swiss"]
[EventRounds "5"]
[EventCountry "CAN"]
[SourceTitle "EXT 2011"]
[Source "ChessBase"]
[SourceDate "2011.11.26"]
[SourceVersion "1"]
[SourceVersionDate "2011.11.26"]
[SourceQuality "1"]

1. c4 Nf6 2. Nc3 e6 3. g3 d5 4. cxd5 exd5 5. Bg2 c6 6. d3 Bd6 7. Nf3 O-O 8. O-O Nbd7 9. e4 dxe4 10. dxe4 Qc7 11. Qc2 Ne5 12. Nd4 Rd8 13. Bg5 a6 14. Rad1 Bg4 15. f3 Bc5 16. Be3 Bh5 17. Nce2 b6 18. Nf4 Bxd4 19. Bxd4 c5 20. Nxh5 Nxh5 21. f4 Nc6 22. Bc3 Rxd1 23. Rxd1 Rd8 24. Rd5 g6 25. Qd2 Ng7 26. Bf6 Rxd5 27. exd5 Nd8 28. Bh3 Ne8 29. Qc3 Qd6 30. Qe5 Qxf6 31. Qxe8+ Kg7 32. Qe5 a5 33. Bc8 h6 34. a4 g5 35. Kf2 Qxe5 36. fxe5 Kf8 37. Ke3 f6 38. Ke4 Nf7 39. exf6 Nd6+ 40. Ke5 Nxc8 41. Ke6 Na7 42. d6 Nc6 43. Kd7 Ne5+ 44. Kc7 Ke8 45. g4 c4 46. h3 Kf7 47. d7 Nxd7 48. Kxd7 Kxf6 49. Kd6 Kf7 50. Kc6 Ke6 51. Kxb6 Kd6 52. Kxa5 Kc5 53. Ka6 Kb4 54. a5 Kb3 55. Kb5 1-0

[Event "Maisonneuve mem."]
[Site "Gatineau CAN"]
[Date "2008.11.11"]
[Round "4"]
[White "Menard, Marc"]
[Black "Thibault, David"]
[Result "0-1"]
[WhiteElo "1576"]
[BlackElo "1680"]
[PlyCount "102"]
[GameId "2160767910302912"]
[EventDate "2008.10.21"]
[EventType "swiss"]
[EventRounds "5"]
[EventCountry "CAN"]
[SourceTitle "EXT 2011"]
[Source "ChessBase"]
[SourceDate "2011.11.26"]
[SourceVersion "1"]
[SourceVersionDate "2011.11.26"]
[SourceQuality "1"]

1. e4 e5 2. Nf3 Nc6 3. Bb5 Bc5 4. O-O Nge7 5. Nxe5 Nxe5 6. d4 c6 7. Ba4 Bd6 8. dxe5 Bxe5 9. Nd2 O-O 10. Nf3 Bc7 11. c4 d6 12. Bf4 Ng6 13. Bg3 Qe7 14. Re1 f6 15. h3 Be6 16. Qc2 Ne5 17. Nd4 Bf7 18. Nf5 Qd7 19. Bb3 Be6 20. c5 dxc5 21. Bxe6+ Qxe6 22. b3 Rad8 23. Rad1 Bb6 24. Bxe5 Qxe5 25. Qc4+ Kh8 26. Rxd8 Rxd8 27. Qf7 Qc7 28. Qe6 Qd7 29. Qxd7 Rxd7 30. Re2 Bc7 31. g3 Be5 32. Kg2 Bd4 33. Rd2 g6 34. Ne3 Kg7 35. f4 Kf7 36. Kf3 Ke7 37. Nc4 b5 38. Na5 Rc7 39. Rc2 Kd7 40. Rd2 Kc8 41. b4 a6 42. Rc2 c4 43. Ke2 Bb6 44. Rd2 Bxa5 45. bxa5 Rd7 46. Ke3 Rxd2 47. Kxd2 Kd7 48. Kc3 c5 49. a3 Kd6 50. g4 g5 51. fxg5 fxg5 0-1